000 00821nam a2200265Ia 4500
003 OSt
005 20220925223305.0
006 a|||||r|||| 00| 0
007 ta
008 220923b |||||||| |||| 00| 0 eng d
037 _cGeneral Book
040 _aRTL
_cRTL
_beng
041 _2eng
_aeng
082 _aY:(G:55), N2
100 _aCroll Elisabeth
_9248306
245 0 _aBush base
_b forest farm Culture environment and d
260 _aLondon
_bRoutledge
_c1992
300 _axi,263p
_ccm.
490 _aEuropean Inter-University Development Opportunities Study Group
500 _aBibiliogrpahy chapterwise
650 _aSociomery
_9230825
700 _a Parkin David Ed.
_920323
942 _hY:(G:55), N2
_cGB
_2CC
999 _c579139
_d579139